LEADER 01030nam a2200229 i 4500 001 000000226237 003 CaOOAMICUS 005 20140115000000.0 008 140115s2005 it u000 u ita u 013 $a205139 040 $aSeMil$bita 100 1 $aRadaelli, Adriano.$0(OLS)http://semarc/name/78505 245 13$aIl Seveso racconta :$bstorie della brughiera /$cAdriano Radaelli e Fortunato Zinni. 260 $aBresso :$bEd. patrocinata dal Circolo culturale Guernica,$c2005. 300 $a287 p. :$bill. ;$c24 cm. 650 4$aSeveso .$0(OLS)http://semarc/subject/41090 700 1 $aZinni, Fortunato.$0(OLS)http://semarc/name/78506 850 $aSeMil 852 $aSeMil$W1$xVenegono$y1$m3P III 362$j176583$B176583$CSeMilBibl$Z2$F187629 $81 961 $aOmaggio: Grampa dott. Cesare 996 $6245$aIl Seveso racconta :$bstorie della brughiera$9(OLS)http://semarc/title/323926 996 $6260$aBresso :$bEd. patrocinata dal Circolo culturale Guernica$9(OLS)http://semarc/publisher/53471 LEADER 01868nam a2200349 i 4500 001 000000228529 003 CaOOAMICUS 005 20220406145041.0 008 140402s1784 it u000 u lat u 013 $a207431 026 $aT.IA isse e.is dena (3) 1784 (A) 040 $aSeMil$bita 100 0 $aErasmus, Desiderius ,$d.$0(OLS)http://semarc/name/89173 240 10$aColloquia familiaria.$0(OLS)http://semarc/title/107818 245 10$aDesiderii Erasmi Roterodami Colloquia familiaria ex recensione & cum notis perpetuis Petri Rabi, roterod. accedunt eiusdem Erasmi Conflictus Thallae et Barabariei, apologia et utilitas colloquiorum, nec non Laus Morias. 250 $aEditio nova. 264 1$aNorimbergae :$bEx Officina libraria Felseckeriana,$c1784. 300 $a[16], 872, [24], 88 p. ;$c12°. 500 $aLe opere contenute iniziano con proprio occhietto; le Laus Morias iniziano con proprio front. tip. 541 1 $aFondo Bidoglio 650 4$aErasmo : da Rotterdam - Opere.$0(OLS)http://semarc/subject/952 700 1 $aRabus, Pieter,$d<1660-1702>.$0(OLS)http://semarc/name/79066 700 1 $aFelsecker,$d.$0(OLS)http://semarc/name/79067 850 $aSeMil 852 $aSeMil$W1$xVenegono$y1$m2P II 74 FA$j178875$B178875$CSeMilBibl$Z2$F189902 $8I 900 0 $aErasmo : da Rotterdam. 941 1 $a2 961 $aLascito: Bidoglio don Maurizio 996 $6245$aDesiderii Erasmi Roterodami Colloquia familiaria ex recensione & cum notis perpetuis Petri Rabi, roterod. accedunt eiusdem Erasmi Conflictus Thallae et Barabariei, apologia et utilitas colloquiorum, nec non Laus Morias$9(OLS)http://semarc/title/327127 996 $6264$aNorimbergae :$bEx Officina libraria Felseckeriana$9(OLS)http://semarc/publisher/53661